000 00603nam a2200217 i 4500
001 C2-0134556
003 PPAK
005 20180727123740.0
008 971203s1972 enk |||| ||||| | eng d
040 _aPPAK
_beng
_cPPAK
_erda
082 0 4 _a492.7321
_223
090 0 0 _a492.7321
_bOXF
_dR
245 0 4 _aThe Oxford English - Arabicdictionary of current usage
264 1 _aOxford :
_bClarendon Press ,
_c1972
300 _a1392 pages ;
_c24 cm
336 _2rdacontent
_atext
337 _2rdamedia
_aunmediated
338 _2rdacarrier
_avolume
700 1 _aDoniach, N.S.,
_eeditor
942 _ddc
_cB
999 _c42383
_d42383